| 000 | 00998nam a2200265 a 4500 | ||
|---|---|---|---|
| 001 | 000014651 | ||
| 003 | DO-SdBNP | ||
| 005 | 20211201124419.0 | ||
| 008 | 100118s2006 dr ac r 000 0 spa d | ||
| 020 | _a9945068091 | ||
| 040 |
_aDO-SdBNP _bspa _cBNPHU |
||
| 082 | 4 |
_a920.71 _bJ94a _222 |
|
| 100 | 1 |
_aJulián, José Francisco, _d1949- _921527 |
|
| 245 | 1 | 0 |
_aAnécdotas y memorias de un ciudadano simple / _cJosé Francisco Julián. |
| 246 | 1 | 4 |
_aAnécdotas y memorias de un ciudadano simple: _blectura para personas de amplio criterio. |
| 260 |
_aSanto Domingo : _bBúho, _c2006. |
||
| 300 |
_a494 p. : _bil., retrs. ; _c23 cm. |
||
| 504 | _aBibliografía : p. 494 | ||
| 590 | _aInventariado, 2018/BT | ||
| 600 | 1 | 4 |
_aJulian , José Francisco, _d1949- _921527 |
| 651 | 4 |
_aHigüey (República Dominicana) _xHistoria local _926822 |
|
| 651 | 4 |
_aHigüey (República Dominicana) _xAnécdotas, chistes, sátiras, etc. _933196 |
|
| 910 | _aValidado. Control de calidad. MMOLINA | ||
| 942 |
_2ddc _cLBS1 |
||
| 999 |
_c14235 _d14235 |
||